<?xml version="1.0" encoding="UTF-8"?>
<record
    xmlns:xsi="http://www.w3.org/2001/XMLSchema-instance"
    xsi:schemaLocation="http://www.loc.gov/MARC21/slim http://www.loc.gov/standards/marcxml/schema/MARC21slim.xsd"
    xmlns="http://www.loc.gov/MARC21/slim">

  <leader>02894nam a2200373   4500</leader>
  <controlfield tag="001">401</controlfield>
  <controlfield tag="003">OSt</controlfield>
  <controlfield tag="005">20250414162052.0</controlfield>
  <controlfield tag="008">250414b        |||||||| |||| 00| 0 eng d</controlfield>
  <datafield tag="040" ind1=" " ind2=" ">
    <subfield code="b">por</subfield>
  </datafield>
  <datafield tag="041" ind1=" " ind2=" ">
    <subfield code="h">ger</subfield>
    <subfield code="a">por</subfield>
  </datafield>
  <datafield tag="082" ind1=" " ind2=" ">
    <subfield code="a">150.195 </subfield>
    <subfield code="b">F889c</subfield>
  </datafield>
  <datafield tag="100" ind1=" " ind2=" ">
    <subfield code="a">Freud, Sigmund</subfield>
    <subfield code="d">1856- 1939</subfield>
    <subfield code="9">845</subfield>
  </datafield>
  <datafield tag="240" ind1=" " ind2=" ">
    <subfield code="a"> Five Lectures on Psycho-Analysis ; Zur Geschicte der psychoanalytischen Bewegung ;Die Zukunft einer Illusion ; Das Unbehagen in der Kultur ; Abriss der Psychoanalyse. / </subfield>
  </datafield>
  <datafield tag="245" ind1=" " ind2=" ">
    <subfield code="a">FREUD :</subfield>
    <subfield code="b"> Cinco li&#xE7;&#xF5;es de psican&#xE1;lise  ; A hist&#xF3;ria do movimento psicanal&#xED;tico ; O futuro de uma ilus&#xE3;o ; O mal-estar na civiliza&#xE7;&#xE3;o;  Esbo&#xE7;o de psican&#xE1;lise /</subfield>
    <subfield code="c">Freud, Sigmund ; Tradu&#xE7;&#xE3;o de: Durval Marcondes ; J. Barbosa Correa ; Themira de Oliveira Brito ; Paulo Henrique Brito e Jos&#xE9; Oct&#xE1;vio de Aguiar Abreu</subfield>
  </datafield>
  <datafield tag="260" ind1=" " ind2=" ">
    <subfield code="a">S&#xE3;o Paulo</subfield>
    <subfield code="b">Abril</subfield>
    <subfield code="c">1978</subfield>
  </datafield>
  <datafield tag="300" ind1=" " ind2=" ">
    <subfield code="a">246 p.</subfield>
  </datafield>
  <datafield tag="520" ind1=" " ind2=" ">
    <subfield code="a">Sele&#xE7;&#xE3;o de textos por Jaime Salom&#xE3;o.
Consultoria da introdu&#xE7;&#xE3;o por Darcy Uchoa.

1. Cinco li&#xE7;&#xF5;es de psican&#xE1;lise [1910 (1909)] :::
Resultante de cinco confer&#xEA;ncias pronunciadas por Freud, em 1909, na Clark University, de Massachusetts (EUA), esta obra apresenta, com clareza e simplicidade, as ideias b&#xE1;sicas da Psican&#xE1;lise.

2. A hist&#xF3;ria do movimento psicanal&#xED;tico [1924 (1914)] :::
A evolu&#xE7;&#xE3;o do movimento psicanal&#xED;tico serve de fundo &#xE0; pol&#xEA;mica entre as doutrinas de Freud e as de Adler e Jung.

3. O futuro de uma ilus&#xE3;o [1927] :::
Dialogando com um opositor fict&#xED;cio, Freud investiga a origem psicol&#xF3;gica das ideias religiosas e v&#xEA; na religi&#xE3;o &#x201C;a neurose obsessiva universal da humanidade&#x201D;.

4. O mal-estar na civiliza&#xE7;&#xE3;o [1930 (1929)] :::
A situa&#xE7;&#xE3;o do homem na sociedade &#xE9; descrita como fundamentalmente marcada pelo antagonismo inevit&#xE1;vel entre as exig&#xEA;ncias do instinto e as restri&#xE7;&#xF5;es da civiliza&#xE7;&#xE3;o.

5. Esbo&#xE7;o de psican&#xE1;lise [1940 (1938)] :::
Pressupondo o conhecimento das teses centrais da Psican&#xE1;lise, este esbo&#xE7;o inacabado &#x2013; por&#xE9;m n&#xE3;o incompleto &#x2013; lan&#xE7;a nova luz sobre os diferentes pontos que aborda. Aos 82 anos, Freud revela-se capaz de inovar temas tantas vezes debatidos, com extraordin&#xE1;ria lucidez e concis&#xE3;o.
</subfield>
  </datafield>
  <datafield tag="650" ind1=" " ind2="0">
    <subfield code="a">Freud, Sigmund &#x2013; Teorias</subfield>
    <subfield code="9">840</subfield>
  </datafield>
  <datafield tag="650" ind1=" " ind2="0">
    <subfield code="a">Psican&#xE1;lise</subfield>
    <subfield code="9">839</subfield>
  </datafield>
  <datafield tag="650" ind1=" " ind2="0">
    <subfield code="a">Introdu&#xE7;&#xE3;o &#xE0; psican&#xE1;lise</subfield>
    <subfield code="9">864</subfield>
  </datafield>
  <datafield tag="650" ind1=" " ind2="0">
    <subfield code="a">Hist&#xF3;ria das ideias psicol&#xF3;gicas</subfield>
    <subfield code="9">865</subfield>
  </datafield>
  <datafield tag="650" ind1=" " ind2="0">
    <subfield code="a">Freud &#x2013; Posicionamento filos&#xF3;fico</subfield>
    <subfield code="9">866</subfield>
  </datafield>
  <datafield tag="650" ind1=" " ind2="0">
    <subfield code="a">Psican&#xE1;lise da sociedade</subfield>
    <subfield code="9">867</subfield>
  </datafield>
  <datafield tag="655" ind1=" " ind2="0">
    <subfield code="a">N&#xE3;o Fic&#xE7;&#xE3;o</subfield>
    <subfield code="9">102</subfield>
  </datafield>
  <datafield tag="655" ind1=" " ind2="0">
    <subfield code="a">T&#xE9;cnico-cient&#xED;fico</subfield>
    <subfield code="9">835</subfield>
  </datafield>
  <datafield tag="700" ind1=" " ind2=" ">
    <subfield code="a">Durval Marcondes </subfield>
    <subfield code="e">TRADUTOR</subfield>
    <subfield code="9">859</subfield>
  </datafield>
  <datafield tag="700" ind1=" " ind2=" ">
    <subfield code="a"> J. Barbosa Correa</subfield>
    <subfield code="e">TRADUTOR</subfield>
    <subfield code="9">860</subfield>
  </datafield>
  <datafield tag="700" ind1=" " ind2=" ">
    <subfield code="a">Themira de Oliveira Brito</subfield>
    <subfield code="e">TRADUTOR</subfield>
  </datafield>
  <datafield tag="700" ind1=" " ind2=" ">
    <subfield code="a">Paulo Henrique Brito </subfield>
    <subfield code="e">TRADUTOR</subfield>
    <subfield code="9">862</subfield>
  </datafield>
  <datafield tag="700" ind1=" " ind2=" ">
    <subfield code="a">Jos&#xE9; Oct&#xE1;vio de Aguiar Abreu</subfield>
    <subfield code="e">TRADUTOR</subfield>
    <subfield code="9">863</subfield>
  </datafield>
  <datafield tag="830" ind1=" " ind2=" ">
    <subfield code="a">OS Pensadores</subfield>
    <subfield code="9">858</subfield>
  </datafield>
  <datafield tag="942" ind1=" " ind2=" ">
    <subfield code="2">ddc</subfield>
    <subfield code="n">0</subfield>
    <subfield code="c">BK</subfield>
  </datafield>
  <datafield tag="952" ind1=" " ind2=" ">
    <subfield code="0">0</subfield>
    <subfield code="1">0</subfield>
    <subfield code="2">ddc</subfield>
    <subfield code="4">0</subfield>
    <subfield code="7">0</subfield>
    <subfield code="8">NFIC</subfield>
    <subfield code="a">BIBIB</subfield>
    <subfield code="b">BIBIB</subfield>
    <subfield code="c">PF</subfield>
    <subfield code="d">2025-04-14</subfield>
    <subfield code="e">doa&#xE7;&#xE3;o</subfield>
    <subfield code="l">0</subfield>
    <subfield code="o">150.195  / F889c</subfield>
    <subfield code="p">2025-17339</subfield>
    <subfield code="r">2025-04-14 13:37:41</subfield>
    <subfield code="w">2025-04-14</subfield>
    <subfield code="y">BK</subfield>
  </datafield>
  <datafield tag="999" ind1=" " ind2=" ">
    <subfield code="c">401</subfield>
    <subfield code="d">401</subfield>
  </datafield>
</record>
